000 00557nam a2200181Ia 4500
005 20250508155541.0
008 008 250505s9999 xx 000 0 eng d
037 _aTextual
040 _aFEDL
_beng
_cFEDL
041 _aeng
_2eng
084 _a371.73, BAK
_qFEDL
100 _aBakshi K D
_9636821
245 0 _aPhysical education in Delhi schools : Report of a survey
260 _aNew Delhi, India
_bNational Council of Educational Research and Training
300 _a78p.
942 _cTEXL
_h371.73, BAK
999 _c1357658
_d1357658